FIFA 18 Top 100 Players - Premier League - Statistics

General Stats
  • This quiz has been taken 1,161 times
  • The average score is 65 of 100
Answer Stats
Team Nation Position Answer % Correct
Manchester United Spain GK De Gea
99%
Chelsea Belgium LW Hazard
99%
Manchester City Argentina ST Aguero
98%
Manchester City Belgium CAM De Bruyne
96%
Arsenal Chile LM Sanchez
96%
Tottenham Hotspur Colombia CB Sanchez
96%
Tottenham Hotspur England ST Kane
95%
Arsenal Germany CAM Ozil
95%
Chelsea Belgium GK Courtois
94%
Manchester City Spain CAM David Silva
94%
Manchester United Sweden ST Ibrahimovic
94%
Chelsea France CDM Kante
94%
Tottenham Hotspur France GK Lloris
94%
Manchester United France CM Pogba
94%
Tottenham Hotspur Denmark CAM Eriksen
93%
Manchester City Portugal RM Bernado Silva
92%
Arsenal Czech Republic GK Cech
92%
Manchester United Belgium ST Lukaku
91%
Liverpool Senegal LW Mane
88%
Chelsea Brazil CB David Luiz
86%
Liverpool Egypt RW Salah
86%
Chelsea Spain ST Costa
85%
Manchester City Belgium CB Kompany
85%
Liverpool Brazil LW Coutinho
84%
Liverpool Brazil ST Firmino
82%
Leicester City Algeria RM Mahrez
81%
Tottenham Hotspur Belgium CB Vertonghen
81%
Chelsea Spain CM Fabregas
80%
Arsenal France ST Lacazette
80%
Chelsea Brazil RW Willian
80%
Manchester City Germany CM Gundogan
79%
Tottenham Hotspur England CAM Alli
78%
Manchester City Brazil GK Ederson
76%
Chelsea Spain ST Morata
76%
Southampton Netherlands CB Van Dijk
76%
Tottenham Hotspur Belgium CB Alderweireld
75%
Liverpool England CDM Henderson
75%
Manchester United Spain CAM Mata
75%
Manchester United Serbia CDM Matic
75%
Manchester United Ecuador RB Valencia
75%
Manchester City England RB Walker
75%
Chelsea Spain RW Pedro
72%
Chelsea Spain CB Azpilicueta
71%
Manchester City Argentina CB Otamendi
71%
Manchester City Cote d'Ivoire CM Toure
71%
Manchester United Cote d'Ivoire CB Bailly
70%
Liverpool Cameroon CB Matip
69%
Manchester City Germany LW Sane
69%
Chelsea England CB Cahill
67%
Tottenham Hotspur South Korea LM Son
67%
Arsenal Germany CB Mustafi
66%
Manchester United Armenia RM Mkhitaryan
65%
Leicester City Denmark GK Schmeichel
64%
Manchester City Brazil CDM Fernandinho
63%
Manchester United Spain CM Herrera
63%
Leicester City England ST Vardy
63%
Arsenal France ST Giroud
62%
Arsenal Wales CM Ramsey
60%
Manchester City England RW Sterling
60%
Arsenal France CB Koscielny
59%
Manchester United France LM Martial
58%
Liverpool Netherlands CM Wijnaldum
58%
Chelsea Germany CB Rudiger
56%
Arsenal Switzerland CDM Xhaka
55%
Manchester City Brazil ST Jesus
53%
Manchester United Argentina CB Rojo
53%
Manchester City Chile GK Bravo
52%
Everton Senegal CDM Gueye
52%
West Ham United Mexico ST Hernandez
51%
Tottenham Hotspur England LB Rose
50%
Everton Iceland CAM Sigurdsson
50%
Arsenal Spain CM Cazorla
48%
Chelsea Spain LWB Alonso
47%
Everton England LB Baines
47%
Stoke City Switzerland RM Shaqiri
47%
Tottenham Hotspur Kenya CDM Wanyama
47%
Liverpool England RB Clyne
46%
Tottenham Hotspur Belgium CM Dembele
46%
Tottenham Hotspur England CB Dier
46%
Bournemouth Bosnia GK Begovic
44%
Crystal Palace Cote d'Ivoire RM Zaha
44%
Arsenal Spain RB Bellerin
43%
Liverpool Belgium GK Mignolet
43%
Liverpool England CM Lallana
42%
Leicester City Algeria ST Slimani
42%
West Ham United Austria LM Arnautovic
41%
Tottenham Hotspur Cote d'Ivoire RB Aurier
41%
Liverpool England ST Sturridge
41%
Manchester United England CB Smalling
39%
West Ham United England GK Hart
38%
Everton Wales CB Williams
37%
Everton France CDM Schneiderlin
33%
Chelsea France CDM Bakayoko
31%
Everton England CAM Rooney
30%
Crystal Palace France CB Sakho
29%
Everton England CAM Barkley
24%
Leicester City Spain CDM Iborra
22%
Watford Greece GK Karnezis
17%
Everton Netherlands CM Klaassen
13%
Swansea City Spain CDM Mesa
13%
No matching quizzes found
Score Distribution
Percent of People with Each Score
Percentile by Number Answered
Your Score History
You have not taken this quiz